|
|
|
|
| LEADER |
00000nam2a2200000 4500 |
| 001 |
379114 |
| 005 |
20231102013049.0 |
| 035 |
|
|
|a (RuTPU)RU\TPU\retro\36576
|
| 035 |
|
|
|a RU\TPU\retro\36573
|
| 090 |
|
|
|a 379114
|
| 100 |
|
|
|a 20230629d1970 k y0rusy50 ca
|
| 101 |
0 |
|
|a rus
|
| 102 |
|
|
|a RU
|
| 105 |
|
|
|a a z 001zy
|
| 200 |
0 |
|
|a Вып. 93 : Некоторые методы диагностики минералов и определения их физических свойств
|f отв. ред. М. Н. Гондалевский
|
| 210 |
|
|
|d 1970
|
| 215 |
|
|
|a 153 с.
|c ил.
|
| 320 |
|
|
|a Библиогр. в конце ст.
|
| 461 |
|
1 |
|0 (RuTPU)RU\TPU\retro\36250
|t Труды института ЦНИГРИ
|f Центральный научно-исследовательский горно-разведочный институт цветных, редких и благородных металлов
|v Вып. 93 : Некоторые методы диагностики минералов и определения их физических свойств
|d 1958-
|
| 606 |
1 |
|
|a Золоторудные месторождения
|2 stltpush
|3 (RuTPU)RU\TPU\subj\11877
|9 38756
|
| 610 |
1 |
|
|a геология
|
| 610 |
1 |
|
|a золото
|
| 610 |
1 |
|
|a горное дело
|
| 610 |
1 |
|
|a измерения
|
| 610 |
1 |
|
|a отражательная способность
|
| 610 |
1 |
|
|a фотометрические приборы
|
| 610 |
1 |
|
|a рудные минералы
|
| 610 |
1 |
|
|a эталоны
|
| 610 |
1 |
|
|a удельное сопротивление
|
| 610 |
1 |
|
|a термоэлектродвижущая сила
|
| 610 |
1 |
|
|a хлорит-вермикулитовые образования
|
| 610 |
1 |
|
|a пирротины
|
| 610 |
1 |
|
|a медно-никелевое оруденение
|
| 610 |
1 |
|
|a троилиты
|
| 610 |
1 |
|
|a микроспектроскопия
|
| 610 |
1 |
|
|a железо-платиновые соединения
|
| 610 |
1 |
|
|a твердые растворы
|
| 675 |
|
|
|a 553.411
|v 3
|
| 702 |
|
1 |
|a Гондалевский
|b М. Н.
|4 340
|
| 801 |
|
1 |
|a RU
|b 63413507
|c 20051123
|g PSBO
|
| 801 |
|
2 |
|a RU
|b 63413507
|c 20230629
|g PSBO
|
| 942 |
|
|
|c BK
|